000 00247nam a2200109Ia 4500
008 231011s9999 xx 000 0 und d
041 _aeng
100 _aR.Hamilton
245 _aMentoring
260 _bSterling Pub Ltd ,NewDelhi -
365 _b95
999 _c885591
_d885591